[Event "Titled Tuesday intern op 26th May"]
[Site "Chess.com INT"]
[Date "2020.05.26"]
[Round "3"]
[White "Kavyev, Ruslan"]
[Black "Molaei, Mohammadamin"]
[Result "0-1"]
[WhiteElo "2327"]
[BlackElo "2325"]
[PlyCount "150"]
[EventDate "2020.05.26"]
[EventType "swiss (blitz)"]
[EventRounds "10"]
[EventCountry "USA"]
[SourceTitle "CBM 196 Extra"]
[Source "ChessBase"]
[SourceDate "2020.07.31"]
[SourceVersion "1"]
[SourceVersionDate "2020.07.31"]
[SourceQuality "1"]

1. d4 Nf6 2. c4 g6 3. Nc3 d5 4. Bf4 Bg7 5. e3 c5 6. dxc5 Qa5 7. Rc1 dxc4 8. Bxc4 0-0 9. Nge2 Qxc5 10. Qb3 Nc6 11. Nb5 Qb4+ 12. Qxb4 Nxb4 13. Nc7 Rb8 14. Nd5 Nfxd5 15. Bxb8 Bxb2 16. Rb1 Ba3 17. Rb3 Nb6 18. Rxa3 Nc2+ 19. Kd2 Nxa3 20. Bd3 Bf5 21. Bxa7 Nbc4+ 22. Kc3 Bxd3 23. Kxd3 Rd8+ 24. Kc3 Rd2 25. Re1 Rc2+ 26. Kb3 Rb2+ 27. Kc3 Rxa2 28. Bc5 Rc2+ 29. Kb3 Nd2+ 30. Kxa3 Rxc5 31. Rd1 Ne4 32. f3 Nd6 33. e4 b5 34. Nd4 Rc4 35. Kb3 Rc8 36. Ra1 Kg7 37. Ra7 Kf6 38. g4 g5 39. h4 h6 40. h5 Rc1 41. Ne2 Rf1 42. e5+ Kxe5 43. Rxe7+ Kf6 44. Re3 Nc4 45. Rd3 Ne5 46. Re3 Rxf3 47. Rxf3+ Nxf3 48. Kb4 Ne5 49. Kxb5 Nxg4 50. Kc5 Kf5 51. Kd5 Nf6+ 52. Kd4 Nxh5 53. Ke3 Nf6 54. Kf3 Kg6 55. Kg3 h5 56. Nd4 h4+ 57. Kh3 Kh5 58. Ne2 g4+ 59. Kh2 Nd5 60. Nd4 Kg5 61. Ne2 f5 62. Nd4 g3+ 63. Kg2 Nf4+ 64. Kf3 Ng6 65. Ne6+ Kf6 66. Nd4 Ne5+ 67. Kf4 Ng6+ 68. Kf3 Ke5 69. Ne2 f4 70. Ng1 Kf5 71. Ne2 Ne5+ 72. Kg2 f3+ 73. Kh3 fxe2 74. Kg2 e1Q 75. Kh3 Qh1# 0-1

[Event "Titled Tuesday intern op 19th May"]
[Site "Chess.com INT"]
[Date "2020.05.19"]
[Round "10"]
[White "Gordievsky, Dmitry"]
[Black "Molaei, Mohammadamin"]
[Result "0-1"]
[WhiteElo "2559"]
[BlackElo "2325"]
[PlyCount "142"]
[EventDate "2020.05.19"]
[EventType "swiss (blitz)"]
[EventRounds "10"]
[EventCountry "USA"]
[SourceTitle "EXT 2021"]
[Source "ChessBase"]
[SourceDate "2020.10.23"]
[SourceVersion "1"]
[SourceVersionDate "2020.10.23"]
[SourceQuality "1"]

1. d4 e6 2. c4 b6 3. Nc3 Bb7 4. Qc2 f5 5. Nf3 Nf6 6. g3 Be7 7. Bg2 0-0 8. 0-0 a5 9. b3 Na6 10. a3 Qc8 11. Bb2 Ne4 12. Nd1 Bf6 13. Ne3 g6 14. Rac1 d6 15. Ne1 Bg5 16. Nd3 Nxf2 17. Nf4 Bxg2 18. Nexg2 Ne4 19. Rcd1 c6 20. Bc1 e5 21. dxe5 dxe5 22. Nd3 Bxc1 23. Qxc1 Qe6 24. Nge1 Nac5 25. Nf3 Nxb3 26. Qh6 Nc3 27. Ng5 Qe7 28. Nxe5 Nxd1 29. Rxd1 Rad8 30. Rb1 a4 31. Nxg6 hxg6 32. Qxg6+ Qg7 33. Qe6+ Kh8 34. h4 Rf6 35. Qe3 Nd4 36. Rxb6 c5 37. Rb1 f4 38. gxf4 Nf5 39. Qe5 Qe7 40. Rb7 Qxe5 41. fxe5 Rff8 42. e6 Rg8 43. Kf2 Rdf8 44. Nf7+ Rxf7 45. exf7 Rf8 46. Ra7 Nh6 47. Rxa4 Rxf7+ 48. Ke3 Nf5+ 49. Kd2 Nd4 50. e3 Nb3+ 51. Kc3 Nc1 52. Ra5 Ne2+ 53. Kd2 Ng3 54. Kd3 Rd7+ 55. Kc2 Ne4 56. Ra8+ Kg7 57. Re8 Rd2+ 58. Kb3 Rd3+ 59. Ka4 Nd6 60. Rd8 Kf7 61. h5 Ke7 62. h6 Kxd8 63. h7 Nf7 64. Kb5 Rxe3 65. a4 Ra3 66. a5 Kc7 67. a6 Kd6 68. Kb6 Rb3+ 69. Ka7 Kc7 70. Ka8 Rb8+ 71. Ka7 Rb6 0-1

[Event "Titled Tuesday intern op 19th May"]
[Site "Chess.com INT"]
[Date "2020.05.19"]
[Round "5"]
[White "Laurusas, Tomas"]
[Black "Molaei, Mohammadamin"]
[Result "0-1"]
[WhiteElo "2511"]
[BlackElo "2325"]
[PlyCount "172"]
[EventDate "2020.05.19"]
[EventType "swiss (blitz)"]
[EventRounds "10"]
[EventCountry "USA"]
[SourceTitle "EXT 2021"]
[Source "ChessBase"]
[SourceDate "2020.10.23"]
[SourceVersion "1"]
[SourceVersionDate "2020.10.23"]
[SourceQuality "1"]

1. d4 e6 2. Nf3 f5 3. g3 b6 4. Bg2 Bb7 5. 0-0 Nf6 6. c4 Be7 7. Nc3 0-0 8. d5 a5 9. Bf4 Na6 10. Nd4 Qc8 11. Rc1 Nc5 12. Ncb5 Ne8 13. Qc2 Bf6 14. Nb3 Nxb3 15. axb3 e5 16. Bd2 d6 17. e4 f4 18. gxf4 exf4 19. Bxf4 Be5 20. Bg3 Qg4 21. Qd1 Qxd1 22. Rcxd1 Bxb2 23. f4 a4 24. bxa4 Rxa4 25. Rb1 Ba3 26. Nxa3 Rxa3 27. e5 Bc8 28. Ra1 Rc3 29. Rfc1 Rxc1+ 30. Rxc1 g6 31. Ra1 Bg4 32. Ra7 Be2 33. Ra4 Ng7 34. Kf2 Bd1 35. Ra1 Bb3 36. Ra7 Rc8 37. Bh3 Nf5 38. Bf1 dxe5 39. fxe5 b5 40. d6 cxd6 41. exd6 Nxg3 42. hxg3 bxc4 43. Bh3 Rd8 44. d7 Kf7 45. Rc7 Ke7 46. Ke3 Ba4 47. Rxc4 Bxd7 48. Bg2 Be6 49. Rc7+ Rd7 50. Rc5 Ra7 51. Be4 Kf6 52. Rc6 Ke5 53. Rc5+ Kf6 54. Rb5 Ra3+ 55. Kf2 g5 56. Bxh7 g4 57. Be4 Ra2+ 58. Ke3 Ra3+ 59. Kf4 Ra4 60. Rb6 Rc4 61. Ke3 Ke5 62. Bh7 Rc3+ 63. Kf2 Ra3 64. Rb5+ Bd5 65. Rb2 Rf3+ 66. Ke1 Rxg3 67. Rb8 Re3+ 68. Kf2 Rf3+ 69. Ke2 Kf4 70. Rd8 Bc4+ 71. Ke1 Kg3 72. Rg8 Bf1 73. Rg7 Bh3 74. Be4 Re3+ 75. Kd2 Rxe4 76. Kd3 Rf4 77. Ke3 Rf3+ 78. Ke2 Kh2 79. Ke1 Rg3 80. Kf2 Rg1 81. Ke2 Rg2+ 82. Ke3 g3 83. Kf3 Rf2+ 84. Ke3 Rf5 85. Ke4 g2 86. Rxg2+ Kxg2 0-1

[Event "Titled Tuesday intern op 19th May"]
[Site "Chess.com INT"]
[Date "2020.05.19"]
[Round "3"]
[White "Molaei, Mohammadamin"]
[Black "Alekseenko, Kirill"]
[Result "1-0"]
[WhiteElo "2325"]
[BlackElo "2696"]
[PlyCount "81"]
[EventDate "2020.05.19"]
[EventType "swiss (blitz)"]
[EventRounds "10"]
[EventCountry "USA"]
[SourceTitle "EXT 2021"]
[Source "ChessBase"]
[SourceDate "2020.10.23"]
[SourceVersion "1"]
[SourceVersionDate "2020.10.23"]
[SourceQuality "1"]

1. d4 d5 2. c4 dxc4 3. Nf3 a6 4. a4 Nf6 5. e3 Bg4 6. Bxc4 e6 7. Be2 Nc6 8. 0-0 Bd6 9. Nc3 0-0 10. h3 Bh5 11. Nd2 Bxe2 12. Qxe2 e5 13. d5 Nb4 14. e4 Nc2 15. Rb1 Nd4 16. Qd3 Nd7 17. b4 a5 18. Ba3 Qe7 19. Nc4 Bxb4 20. Bb2 Nc5 21. Qe3 Ra6 22. f4 Nd7 23. Kh1 Bc5 24. fxe5 Nc6 25. d6 Qe6 26. Qe2 Nd4 27. Qd3 cxd6 28. exd6 Re8 29. Nd5 Qxe4 30. Ne7+ Rxe7 31. dxe7 Re6 32. Qxe4 Rxe4 33. Bxd4 Bxe7 34. Rfe1 Rxd4 35. Rxe7 Nf6 36. Ne5 h5 37. Rexb7 Rxa4 38. Nxf7 h4 39. Ng5 Kf8 40. Rf7+ Ke8 41. Rb8# 1-0

[Event "Titled Tuesday intern op 19th May"]
[Site "Chess.com INT"]
[Date "2020.05.19"]
[Round "2"]
[White "Tarasova, Viktoriya"]
[Black "Molaei, Mohammadamin"]
[Result "0-1"]
[WhiteElo "2226"]
[BlackElo "2325"]
[PlyCount "40"]
[EventDate "2020.05.19"]
[EventType "swiss (blitz)"]
[EventRounds "10"]
[EventCountry "USA"]
[SourceTitle "EXT 2021"]
[Source "ChessBase"]
[SourceDate "2020.10.23"]
[SourceVersion "1"]
[SourceVersionDate "2020.10.23"]
[SourceQuality "1"]

1. d4 e6 2. c4 b6 3. Nc3 Bb7 4. e4 Bb4 5. f3 f5 6. e5 Nh6 7. Bd3 Qh4+ 8. g3 Qxd4 9. Nge2 Qxe5 10. Bf4 Bxc3+ 11. bxc3 Qc5 12. Bxh6 gxh6 13. Qd2 Nc6 14. Qxh6 0-0-0 15. Qd2 Ne5 16. Nd4 Qxd4 17. cxd4 Nxf3+ 18. Ke2 Nxd2 19. Kxd2 Bxh1 20. Rxh1 h5 0-1

[Event "Titled Tuesday intern op 12th May"]
[Site "Chess.com INT"]
[Date "2020.05.12"]
[Round "7"]
[White "Molaei, Mohammadamin"]
[Black "Wagner, Dennis"]
[Result "1-0"]
[WhiteElo "2325"]
[BlackElo "2581"]
[PlyCount "75"]
[EventDate "2020.05.12"]
[EventType "swiss (blitz)"]
[EventRounds "10"]
[EventCountry "USA"]
[SourceTitle "CBM 196 Extra"]
[Source "ChessBase"]
[SourceDate "2020.07.31"]
[SourceVersion "1"]
[SourceVersionDate "2020.07.31"]
[SourceQuality "1"]

1. d4 Nf6 2. c4 g6 3. Nc3 d5 4. Bg5 Bg7 5. Nf3 Ne4 6. Bh4 Nxc3 7. bxc3 dxc4 8. e3 b5 9. Qb1 a6 10. a4 c6 11. Be2 Nd7 12. 0-0 Nb6 13. axb5 cxb5 14. Qe4 Nd5 15. Ne5 Bf5 16. Qf3 Bxe5 17. dxe5 Nxc3 18. e4 Nxe2+ 19. Qxe2 Be6 20. f4 c3 21. Rfd1 Qb6+ 22. Bf2 Qc6 23. Rd4 Rc8 24. Qc2 h5 25. f5 gxf5 26. exf5 Rg8 27. g3 Bd5 28. Rad1 Bh1 29. Be3 h4 30. Rxh4 a5 31. e6 b4 32. exf7+ Kxf7 33. Qb3+ Bd5 34. Rxd5 a4 35. Qd1 c2 36. Rh7+ Kf8 37. Bh6+ Qxh6 38. Rd8+ 1-0

[Event "Titled Tuesday intern op 5th May"]
[Site "Chess.com INT"]
[Date "2020.05.05"]
[Round "6"]
[White "Molaei, Mohammadamin"]
[Black "Bruedigam, Martin"]
[Result "1-0"]
[WhiteElo "2325"]
[BlackElo "2386"]
[PlyCount "133"]
[EventDate "2020.05.05"]
[EventType "swiss (blitz)"]
[EventRounds "10"]
[EventCountry "USA"]
[SourceTitle "EXT 2021"]
[Source "ChessBase"]
[SourceDate "2020.10.23"]
[SourceVersion "1"]
[SourceVersionDate "2020.10.23"]
[SourceQuality "1"]

1. d4 d5 2. c4 e6 3. Nf3 Nf6 4. g3 Bb4+ 5. Bd2 Be7 6. Bg2 0-0 7. 0-0 c6 8. Qc2 b6 9. Rd1 Bb7 10. Bf4 Nbd7 11. Nbd2 Rc8 12. e4 h6 13. e5 Ne8 14. cxd5 cxd5 15. Qd3 Nc7 16. Rac1 Nb8 17. h4 Na8 18. Nf1 Rxc1 19. Rxc1 Qd7 20. Ne3 Rc8 21. Rc3 Rxc3 22. bxc3 Ba6 23. Qd2 Qb5 24. Ng4 Qd3 25. Qc1 Bf8 26. Bxh6 gxh6 27. Nf6+ Kh8 28. Qf4 Qf5 29. Qxf5 exf5 30. Nxd5 Bc4 31. Ne3 Bxa2 32. d5 Nd7 33. d6 a5 34. Nd4 Nxe5 35. Nexf5 a4 36. Bxa8 a3 37. f4 Nd7 38. Bc6 Be6 39. Ne3 a2 40. Ndc2 Nc5 41. f5 Bc8 42. Bd5 Bxd6 43. g4 Be5 44. Bxf7 Bxc3 45. Bxa2 Kg7 46. Nd5 Be5 47. Nxb6 Bb7 48. Bd5 Ba6 49. Kg2 Nd3 50. Nd7 Bd6 51. f6+ Kg6 52. Be4+ Kf7 53. Ne3 Nf4+ 54. Kf3 Be2+ 55. Kf2 Bb5 56. Nf5 Bxd7 57. Nxd6+ Kxf6 58. Kf3 Ne6 59. Bf5 Ba4 60. Ne4+ Ke5 61. Bxe6 Kxe6 62. Nc5+ Ke5 63. Nxa4 Kf6 64. Nc3 Kg6 65. Ne4 h5 66. g5 Kf5 67. Ng3+ 1-0

[Event "Titled Tuesday intern op 5th May"]
[Site "Chess.com INT"]
[Date "2020.05.05"]
[Round "9"]
[White "Molaei, Mohammadamin"]
[Black "Nevednichy, Vladislav"]
[Result "0-1"]
[WhiteElo "2325"]
[BlackElo "2531"]
[PlyCount "72"]
[EventDate "2020.05.05"]
[EventType "swiss (blitz)"]
[EventRounds "10"]
[EventCountry "USA"]
[SourceTitle "CBM 196 Extra"]
[Source "ChessBase"]
[SourceDate "2020.07.31"]
[SourceVersion "1"]
[SourceVersionDate "2020.07.31"]
[SourceQuality "1"]

1. d4 Nf6 2. c4 g6 3. Nc3 Bg7 4. e4 0-0 5. Be2 d6 6. Nf3 Nbd7 7. 0-0 e5 8. Be3 Re8 9. Qc2 b6 10. Rfd1 exd4 11. Nxd4 Bb7 12. f3 Nh5 13. Qd2 Nc5 14. b4 Ne6 15. Nd5 Nxd4 16. Bxd4 Bxd4+ 17. Qxd4 Bxd5 18. cxd5 Qg5 19. Bf1 f5 20. exf5 gxf5 21. Rac1 Re7 22. Rc4 Rf8 23. Rdc1 Rff7 24. a4 Rg7 25. a5 Re2 26. Qxg7+ Kxg7 27. Bxe2 Qe3+ 28. Kf1 Nf4 29. Rxc7+ Kg6 30. Re1 h5 31. Rc6 bxa5 32. Rxd6+ Kg5 33. bxa5 h4 34. Rd8 h3 35. g3 Nd3 36. Bxd3 Qxf3+ 0-1

[Event "Titled Tuesday intern op 28th Apr"]
[Site "Chess.com INT"]
[Date "2020.04.28"]
[Round "8"]
[White "Vifleemskaia, Svetlana"]
[Black "Molaei, Mohammadamin"]
[Result "0-1"]
[WhiteElo "1943"]
[BlackElo "2325"]
[PlyCount "24"]
[EventDate "2020.04.28"]
[EventType "swiss (blitz)"]
[EventRounds "10"]
[EventCountry "USA"]
[SourceTitle "EXT 2021"]
[Source "ChessBase"]
[SourceDate "2020.10.23"]
[SourceVersion "1"]
[SourceVersionDate "2020.10.23"]
[SourceQuality "1"]

1. e4 c5 2. Nf3 g6 3. d4 cxd4 4. Nxd4 Nc6 5. c3 Bg7 6. Nc2 Nf6 7. Nd2 d5 8. exd5 Nxd5 9. Bc4 0-0 10. 0-0 Nb6 11. Be2 Qc7 12. Nc4 Rd8 0-1

[Event "Titled Tuesday intern op 7th April"]
[Site "Chess.com INT"]
[Date "2020.04.07"]
[Round "5"]
[White "Bartholomew, John"]
[Black "Molaei, Mohammadamin"]
[Result "1-0"]
[WhiteElo "2446"]
[BlackElo "2325"]
[PlyCount "71"]
[EventDate "2020.04.07"]
[EventType "swiss (blitz)"]
[EventRounds "10"]
[EventCountry "USA"]
[SourceTitle "EXT 2021"]
[Source "ChessBase"]
[SourceDate "2020.10.23"]
[SourceVersion "1"]
[SourceVersionDate "2020.10.23"]
[SourceQuality "1"]

1. e4 e5 2. Nf3 Nc6 3. Bb5 Nf6 4. d3 Bd6 5. Nbd2 0-0 6. Nc4 Bc5 7. Bxc6 bxc6 8. Ncxe5 d5 9. exd5 cxd5 10. 0-0 h6 11. Re1 Re8 12. h3 Bb7 13. d4 Bd6 14. Nd3 Ne4 15. Bf4 Bf8 16. c3 f6 17. Qc2 g5 18. Be3 h5 19. Nc5 Bc8 20. Nd2 Bxc5 21. dxc5 Bf5 22. Bd4 Kf7 23. Nxe4 Bxe4 24. Qd2 c6 25. f3 Bf5 26. h4 Rg8 27. hxg5 Rxg5 28. Qf4 Qd7 29. Re2 Rag8 30. Rae1 a5 31. Kh1 h4 32. Re7+ Qxe7 33. Rxe7+ Kxe7 34. Qd6+ Ke8 35. Bxf6 Kf7 36. Qe7+ 1-0

[Event "Titled Tuesday intern op 7th April"]
[Site "Chess.com INT"]
[Date "2020.04.07"]
[Round "7"]
[White "Molaei, Mohammadamin"]
[Black "Barseghyan, Harutyun"]
[Result "1-0"]
[WhiteElo "2325"]
[BlackElo "2463"]
[PlyCount "47"]
[EventDate "2020.04.07"]
[EventType "swiss (blitz)"]
[EventRounds "10"]
[EventCountry "USA"]
[SourceTitle "EXT 2021"]
[Source "ChessBase"]
[SourceDate "2020.10.23"]
[SourceVersion "1"]
[SourceVersionDate "2020.10.23"]
[SourceQuality "1"]

1. d4 Nf6 2. c4 e6 3. Nc3 Bb4 4. Qc2 0-0 5. e4 d6 6. e5 dxe5 7. dxe5 Nfd7 8. Nf3 Nc6 9. Bf4 b6 10. Bd3 h6 11. 0-0-0 Bc5 12. a3 Bb7 13. Bh7+ Kh8 14. Be4 Qe7 15. g4 a5 16. g5 h5 17. Nh4 Ndxe5 18. Qe2 Ng4 19. h3 e5 20. Nf5 Qe6 21. hxg4 exf4 22. Rxh5+ Kg8 23. Rdh1 f6 24. g6 1-0

[Event "Titled Tuesday intern op 7th April"]
[Site "Chess.com INT"]
[Date "2020.04.07"]
[Round "9"]
[White "Molaei, Mohammadamin"]
[Black "Kovacs, Klara"]
[Result "1-0"]
[WhiteElo "2325"]
[BlackElo "2298"]
[PlyCount "61"]
[EventDate "2020.04.07"]
[EventType "swiss (blitz)"]
[EventRounds "10"]
[EventCountry "USA"]
[SourceTitle "EXT 2021"]
[Source "ChessBase"]
[SourceDate "2020.10.23"]
[SourceVersion "1"]
[SourceVersionDate "2020.10.23"]
[SourceQuality "1"]

1. d4 e6 2. c4 Nf6 3. Nc3 d5 4. cxd5 exd5 5. Bg5 c6 6. e3 Be7 7. Bd3 0-0 8. Nge2 Nbd7 9. Qc2 Re8 10. f3 h6 11. Bh4 Nf8 12. Bf2 Bd7 13. 0-0 Bd6 14. Rad1 Rc8 15. h3 Bb8 16. e4 dxe4 17. fxe4 Nh5 18. e5 g6 19. Ne4 Nh7 20. g4 Ng7 21. Be3 h5 22. Nf6+ Nxf6 23. Rxf6 hxg4 24. Rdf1 Be6 25. Nf4 Re7 26. Nxe6 Nxe6 27. Bc4 Nxd4 28. Qxg6+ Kf8 29. Rxf7+ Ke8 30. Rxe7+ Kxe7 31. Qf7# 1-0

[Event "Titled Tuesday intern op 7th April"]
[Site "Chess.com INT"]
[Date "2020.04.07"]
[Round "4"]
[White "Molaei, Mohammadamin"]
[Black "Weetik, Vjacheslav"]
[Result "1/2-1/2"]
[WhiteElo "2325"]
[BlackElo "2423"]
[PlyCount "59"]
[EventDate "2020.04.07"]
[EventType "swiss (blitz)"]
[EventRounds "10"]
[EventCountry "USA"]
[SourceTitle "EXT 2021"]
[Source "ChessBase"]
[SourceDate "2020.10.23"]
[SourceVersion "1"]
[SourceVersionDate "2020.10.23"]
[SourceQuality "1"]

1. d4 d5 2. c4 e6 3. c5 b6 4. cxb6 axb6 5. Nc3 Nf6 6. Nf3 c5 7. e3 Bd6 8. Be2 0-0 9. 0-0 Nc6 10. b3 Bb7 11. Bb2 Rc8 12. Nb5 Bb8 13. Rc1 Ne4 14. h3 f5 15. Nd2 cxd4 16. Nxe4 fxe4 17. Nxd4 Qd6 18. g3 Rxf2 19. Rxf2 Qxg3+ 20. Kf1 Qxh3+ 21. Kg1 Qg3+ 22. Kf1 Qh3+ 23. Ke1 Bg3 24. Nxc6 Bxf2+ 25. Kxf2 Qh4+ 26. Kg2 Qg5+ 27. Kf2 Qh4+ 28. Kg2 Qg5+ 29. Kh2 Qh4+ 30. Kg2 1/2-1/2

[Event "Titled Tuesday intern op 3rd March"]
[Site "Chess.com INT"]
[Date "2020.03.03"]
[Round "1"]
[White "Bortnyk, Olexandr"]
[Black "Molaei, Mohammadamin"]
[Result "1-0"]
[WhiteElo "2598"]
[BlackElo "2325"]
[PlyCount "41"]
[EventDate "2020.03.03"]
[EventType "swiss (blitz)"]
[EventRounds "10"]
[EventCountry "USA"]
[SourceTitle "EXT 2021"]
[Source "ChessBase"]
[SourceDate "2020.10.23"]
[SourceVersion "1"]
[SourceVersionDate "2020.10.23"]
[SourceQuality "1"]

1. e4 c5 2. c3 Nf6 3. e5 Nd5 4. d4 cxd4 5. Nf3 Nc6 6. cxd4 d6 7. Bc4 Nb6 8. Bb5 dxe5 9. Nxe5 Bd7 10. Nxd7 Qxd7 11. Nc3 e6 12. 0-0 Be7 13. Qg4 Bf6 14. Rd1 h5 15. Qf3 0-0-0 16. Ne4 Qd5 17. Bxc6 bxc6 18. Be3 Kb7 19. Rac1 Nc4 20. Nc5+ Ka8 21. Rxc4 1-0

[Event "Titled Tuesday intern op 7th Januar"]
[Site "Chess.com INT"]
[Date "2020.01.07"]
[Round "2"]
[White "Molaei, Mohammadamin"]
[Black "Paravyan, David"]
[Result "0-1"]
[WhiteElo "2325"]
[BlackElo "2629"]
[PlyCount "68"]
[EventDate "2020.01.07"]
[EventType "swiss (blitz)"]
[EventRounds "10"]
[EventCountry "USA"]
[SourceTitle "EXT 2021"]
[Source "ChessBase"]
[SourceDate "2020.10.23"]
[SourceVersion "1"]
[SourceVersionDate "2020.10.23"]
[SourceQuality "1"]

1. d4 Nf6 2. c4 g6 3. Nc3 d5 4. Bg5 Bg7 5. Bxf6 Bxf6 6. cxd5 c6 7. e4 cxd5 8. Nxd5 Bg7 9. Bb5+ Nc6 10. Ne2 0-0 11. 0-0 Bg4 12. f3 Be6 13. Bxc6 bxc6 14. Ndc3 Bc4 15. Qd2 Qb6 16. b3 Bxe2 17. Nxe2 e5 18. Kh1 exd4 19. Nc1 f5 20. exf5 Rxf5 21. Nd3 Re8 22. Rae1 Re3 23. Qc2 Qb5 24. Rd1 Bf8 25. Rf2 Bd6 26. Kg1 Qd5 27. Nb2 Rh5 28. f4 Rf5 29. Nc4 Re8 30. g3 d3 31. Rxd3 Re1+ 32. Rf1 Bc5+ 33. Ne3 Bxe3+ 34. Rxe3 Rxe3 0-1

[Event "Titled Tuesday intern op 7th Januar"]
[Site "Chess.com INT"]
[Date "2020.01.07"]
[Round "7"]
[White "Temirkanov, David"]
[Black "Molaei, Mohammadamin"]
[Result "1-0"]
[WhiteElo "2282"]
[BlackElo "2325"]
[PlyCount "123"]
[EventDate "2020.01.07"]
[EventType "swiss (blitz)"]
[EventRounds "10"]
[EventCountry "USA"]
[SourceTitle "EXT 2021"]
[Source "ChessBase"]
[SourceDate "2020.10.23"]
[SourceVersion "1"]
[SourceVersionDate "2020.10.23"]
[SourceQuality "1"]

1. d4 Nf6 2. Bg5 c5 3. dxc5 Ne4 4. h4 Qa5+ 5. Nd2 Nxd2 6. Qxd2 Qxc5 7. e4 h6 8. Be3 Qc7 9. Nf3 d6 10. 0-0-0 Nc6 11. Kb1 e5 12. Bc4 Be6 13. Bd5 0-0-0 14. c4 Kb8 15. Qc3 Ne7 16. Qa3 b6 17. Ne1 Nxd5 18. cxd5 Bd7 19. Rc1 Qb7 20. Nd3 a5 21. Qb3 b5 22. Qa3 Be7 23. Qxa5 Rc8 24. Nb4 Rxc1+ 25. Rxc1 Rc8 26. Na6+ Ka8 27. Nc5+ Qa7 28. Qxa7+ Kxa7 29. Nxd7+ Kb7 30. Rxc8 Kxc8 31. Nb6+ Kb7 32. a4 bxa4 33. Nxa4 Bxh4 34. Kc2 h5 35. f3 Bd8 36. b4 g6 37. Nc3 f5 38. Kd3 f4 39. Bf2 g5 40. Nb5 Be7 41. Kc4 g4 42. Nc3 g3 43. Bg1 h4 44. Kb5 Bd8 45. Nb1 Bc7 46. Na3 Bb8 47. Nc4 Ba7 48. Nxd6+ Ka8 49. Bxa7 Kxa7 50. Nc4 h3 51. d6 Kb8 52. Kc6 Kc8 53. d7+ Kd8 54. Nxe5 hxg2 55. Nf7+ Ke7 56. d8Q+ Kxf7 57. Qd1 Ke6 58. Qg1 Ke5 59. Qxg2 Kd4 60. b5 Ke3 61. b6 Kd3 62. b7 1-0

[Event "IRI-chT 18th"]
[Site "Tehran"]
[Date "2019.11.27"]
[Round "8.4"]
[White "Mosadeghpour, Masoud"]
[Black "Molaei, Mohammadamin"]
[Result "1/2-1/2"]
[WhiteElo "2500"]
[BlackElo "2321"]
[PlyCount "55"]
[EventDate "2019.11.23"]
[EventType "team-tourn"]
[EventRounds "9"]
[EventCountry "IRI"]
[SourceTitle "CBM 193 Extra"]
[Source "ChessBase"]
[SourceDate "2020.01.31"]
[SourceVersion "1"]
[SourceVersionDate "2020.01.31"]
[SourceQuality "1"]
[WhiteTeam "Tehran Saipa"]
[BlackTeam "Hamedan"]
[WhiteTeamCountry "IRI"]
[BlackTeamCountry "IRI"]

1. d4 d5 2. Nf3 Nf6 3. Bf4 g6 4. Nc3 Bg7 5. e3 0-0 6. Be2 c5 7. dxc5 Qa5 8. Nd2 Qxc5 9. Nb3 Qb6 10. 0-0 Nc6 11. a4 a5 12. Nxd5 Nxd5 13. Qxd5 Bxb2 14. Rab1 Bf6 15. Bf3 Nb4 16. Qc5 Qxc5 17. Nxc5 Nxc2 18. Rb6 Kg7 19. Bc7 Nb4 20. Rd1 Na6 21. Nxa6 Rxa6 22. Rb5 Be6 23. Rxb7 Rc8 24. g4 h6 25. Rc1 Rd6 26. Rbb1 Rd7 27. Bxa5 Ra7 28. Rxc8 1/2-1/2

[Event "IRI-chT 18th"]
[Site "Tehran"]
[Date "2019.11.26"]
[Round "6.5"]
[White "Molaei, Mohammadamin"]
[Black "Daneshvar, Bardiya"]
[Result "1/2-1/2"]
[WhiteElo "2321"]
[BlackElo "2327"]
[PlyCount "113"]
[EventDate "2019.11.23"]
[EventType "team-tourn"]
[EventRounds "9"]
[EventCountry "IRI"]
[SourceTitle "CBM 193 Extra"]
[Source "ChessBase"]
[SourceDate "2020.01.31"]
[SourceVersion "1"]
[SourceVersionDate "2020.01.31"]
[SourceQuality "1"]
[WhiteTeam "Hamedan"]
[BlackTeam "Esfahan Zob Ahan"]
[WhiteTeamCountry "IRI"]
[BlackTeamCountry "IRI"]

1. d4 d5 2. c4 c6 3. cxd5 cxd5 4. Bf4 Nc6 5. e3 Nf6 6. Nc3 a6 7. Rc1 e6 8. Bd3 Be7 9. Nf3 Bd7 10. 0-0 0-0 11. Bb1 Nh5 12. Ne5 Nxf4 13. exf4 Nxe5 14. fxe5 Qb6 15. f4 Qxb2 16. Rf3 Rac8 17. Rh3 g6 18. f5 exf5 19. Rc2 Qb6 20. Nxd5 Qd8 21. Rxc8 Bxc8 22. Nxe7+ Qxe7 23. Qd2 h5 24. Bc2 Rd8 25. Rd3 Bd7 26. Bb3 Bb5 27. Rg3 Kg7 28. Re3 Qc5 29. dxc5 Rxd2 30. g3 Bc6 31. h4 f4 32. gxf4 Rg2+ 33. Kf1 Rg4 34. f5 Rf4+ 35. Ke2 Rxf5 36. Bc2 Rf4 37. e6 fxe6 38. Rxe6 Rxh4 39. Rxg6+ Kf7 40. Rd6 Rh2+ 41. Kd3 Kg7 42. Kc3 Rg2 43. Bd3 Rxa2 44. Rg6+ Kf8 45. Rh6 Rh2 46. Bxa6 Kg7 47. Rd6 Rf2 48. Bc4 Rf5 49. Kd4 h4 50. Be6 Rg5 51. Bc8 Bg2 52. Rb6 Rg6 53. Ke3 h3 54. Rxg6+ Kxg6 55. Kf2 Kf6 56. Kg3 Ke5 57. Bxb7 1/2-1/2

[Event "Titled Tuesday intern op 6th Aug"]
[Site "Chess.com INT"]
[Date "2019.08.06"]
[Round "2"]
[White "Henderson de la Fuente, Lance"]
[Black "Molaei, Mohammadamin"]
[Result "0-1"]
[WhiteElo "2487"]
[BlackElo "2348"]
[PlyCount "116"]
[EventDate "2019.08.06"]
[EventType "swiss (blitz)"]
[EventRounds "10"]
[EventCountry "USA"]
[SourceTitle "EXT 2021"]
[Source "ChessBase"]
[SourceDate "2020.10.23"]
[SourceVersion "1"]
[SourceVersionDate "2020.10.23"]
[SourceQuality "1"]

1. d4 Nf6 2. Nf3 g6 3. Nbd2 Bg7 4. e4 d6 5. Bd3 0-0 6. 0-0 c5 7. c3 Nc6 8. h3 Ne8 9. dxc5 dxc5 10. Bc4 Nd6 11. Bb3 b5 12. Bd5 Bb7 13. e5 Nxe5 14. Bxb7 Nxb7 15. Nxe5 Bxe5 16. Qe2 Qc7 17. Qxb5 Nd6 18. Qe2 Nf5 19. Nc4 Bf6 20. Be3 Rfd8 21. Rfd1 Rab8 22. Rxd8+ Rxd8 23. Rd1 Rxd1+ 24. Qxd1 e6 25. Qd3 Kg7 26. Bd2 h5 27. Qf3 h4 28. Bf4 Qd7 29. Qe2 Qd5 30. Bb8 a6 31. Be5 Bxe5 32. Qxe5+ Qxe5 33. Nxe5 Nd6 34. Nf3 Nf5 35. Kf1 f6 36. Ke2 g5 37. Kd3 Nd6 38. a4 Kf7 39. Nd2 e5 40. b4 cxb4 41. cxb4 Ke6 42. Ne4 Nxe4 43. Kxe4 f5+ 44. Kd3 Kd5 45. Kc3 g4 46. Kd3 e4+ 47. Ke3 Ke5 48. hxg4 fxg4 49. Ke2 Kd5 50. f4 exf3+ 51. gxf3 g3 52. Kf1 h3 53. a5 Kc4 54. f4 Kxb4 55. f5 Kc5 56. f6 Kd6 57. f7 Ke7 58. f8Q+ Kxf8 0-1